[Event "FIDE World Cup"]
[Site "Tbilisi"]
[Date "2017.09.13"]
[Round "4.2"]
[White "Jobava, Baadur"]
[Black "So, Wesley"]
[Result "1/2-1/2"]
[WhiteElo "2687"]
[BlackElo "2810"]
[PlyCount "107"]
[EventDate "2017.09.03"]
[EventType "k.o."]
[EventRounds "7"]
[EventCountry "GEO"]
[SourceTitle "CBM 181"]
[Source "ChessBase"]
[SourceDate "2017.11.10"]
[SourceVersion "1"]
[SourceVersionDate "2017.11.10"]
[SourceQuality "1"]

1. b3 e5 2. Bb2 Nc6 3. e3 Nf6 4. Nf3 e4 5. Nd4 Nxd4 6. Bxd4 Be7 7. c4 O-O 8.
Nc3 c5 9. Be5 d6 10. Bg3 Bf5 11. Bh4 Nd7 12. Bxe7 Qxe7 13. d4 Nb6 14. a4 a5 15.
Qd2 Rfd8 16. d5 Bg6 17. h4 Bh5 18. Be2 Bxe2 19. Qxe2 f5 20. f4 exf3 21. gxf3
Re8 22. Kd2 Qf6 23. f4 Re7 24. Rh3 Nd7 25. Rg1 Nb8 26. Qd1 Nd7 27. Rg5 Rf7 28.
Kc2 Re8 29. Qd3 h6 30. Rg1 Nf8 31. h5 b6 32. Rhg3 Ree7 33. Nb1 Qh4 34. Qf1 Rd7
35. Nd2 Nh7 36. Nf3 Qe7 37. Qd3 Qe4 38. Nh4 Qxd3+ 39. Kxd3 Nf8 40. Ke2 Rf6 41.
Kf3 Re7 42. Ng6 Nxg6 43. Rxg6 Ref7 44. Re1 Re7 45. Reg1 Ref7 46. Rxf6 Rxf6 47.
e4 fxe4+ 48. Kxe4 Kf7 49. Kf3 Kf8 50. Re1 Kf7 51. Kg4 Kf8 52. Re6 Kf7 53. f5
Kf8 54. Rxf6+ 1/2-1/2

[Event "FIDE World Cup"]
[Site "Tbilisi"]
[Date "2017.09.13"]
[Round "4.2"]
[White "Najer, Evgeniy"]
[Black "Rapport, Richard"]
[Result "1/2-1/2"]
[WhiteElo "2707"]
[BlackElo "2675"]
[PlyCount "93"]
[EventDate "2017.09.03"]
[EventType "k.o."]
[EventRounds "7"]
[EventCountry "GEO"]
[SourceTitle "CBM 181"]
[Source "ChessBase"]
[SourceDate "2017.11.10"]
[SourceVersion "1"]
[SourceVersionDate "2017.11.10"]
[SourceQuality "1"]

1. e4 e6 2. d4 d5 3. Nc3 Nc6 4. e5 f6 5. Bb5 Qd7 6. Nf3 a6 7. Bd3 fxe5 8. dxe5
Nh6 9. O-O g6 10. Bf4 Bg7 11. Qd2 Nf7 12. Rfe1 b6 13. a3 Bb7 14. Rad1 Ne7 15.
Ng5 O-O 16. Nxf7 Rxf7 17. Bh6 Raf8 18. Bxg7 Kxg7 19. f3 c5 20. Ne2 Qa4 21. c3
Qh4 22. Rf1 Bc6 23. Bxa6 b5 24. a4 bxa4 25. Qe3 Rb8 26. Qxc5 Rxb2 27. Nd4 Bd7
28. Rb1 Ra2 29. Rb7 Qg5 30. Be2 Nf5 31. f4 Nxd4 32. Qxd4 Qf5 33. Bf3 Be8 34.
Bxd5 Rxb7 35. Bxb7 Qc2 36. Qc5 Bf7 37. h4 Qb2 38. Bf3 Ra1 39. Rxa1 Qxa1+ 40.
Kh2 Qc1 41. Kg3 a3 42. Qe7 Qxc3 43. h5 gxh5 44. Qf6+ Kg8 45. Qd8+ Kg7 46. Qf6+
Kg8 47. Qd8+ 1/2-1/2

[Event "FIDE World Cup"]
[Site "Tbilisi"]
[Date "2017.09.14"]
[Round "4.3"]
[White "Bu, Xiangzhi"]
[Black "Svidler, Peter"]
[Result "0-1"]
[WhiteElo "2710"]
[BlackElo "2751"]
[PlyCount "82"]
[EventDate "2017.09.03"]
[EventType "k.o."]
[EventRounds "7"]
[EventCountry "GEO"]
[SourceTitle "CBM 181"]
[Source "ChessBase"]
[SourceDate "2017.11.10"]
[SourceVersion "1"]
[SourceVersionDate "2017.11.10"]
[SourceQuality "1"]

1. Nf3 c5 2. c4 Nc6 3. d4 cxd4 4. Nxd4 Nf6 5. Nc3 e6 6. Bf4 d5 7. e3 Bb4 8. Be2
O-O 9. O-O Bxc3 10. bxc3 Re8 11. Bg5 h6 12. Bh4 g5 13. Bg3 Ne4 14. Qc2 e5 15.
Nxc6 bxc6 16. cxd5 cxd5 17. Rfd1 Bf5 18. Qb3 Rb8 19. Rxd5 Qc7 20. Qc4 Qxc4 21.
Bxc4 Be6 22. Rxe5 Nxg3 23. Rxe6 Ne2+ 24. Kf1 fxe6 25. Bxe2 Rec8 26. Bd1 Rb2 27.
Bb3 Kf7 28. Rd1 Rxc3 29. g4 Ke7 30. Rd4 a5 31. Re4 Rc6 32. Kg2 Kf6 33. Rd4 Ke7
34. Re4 Rd6 35. Kg3 Kf6 36. f4 Rb1 37. Re5 a4 38. Bxa4 gxf4+ 39. Kxf4 Rd3 40.
Ra5 Ra3 41. e4 Rf1# 0-1

[Event "FIDE World Cup"]
[Site "Tbilisi"]
[Date "2017.09.14"]
[Round "4.3"]
[White "Najer, Evgeniy"]
[Black "Rapport, Richard"]
[Result "1/2-1/2"]
[WhiteElo "2707"]
[BlackElo "2675"]
[PlyCount "93"]
[EventDate "2017.09.03"]
[EventType "k.o."]
[EventRounds "7"]
[EventCountry "GEO"]
[SourceTitle "CBM 181"]
[Source "ChessBase"]
[SourceDate "2017.11.10"]
[SourceVersion "1"]
[SourceVersionDate "2017.11.10"]
[SourceQuality "1"]

1. e4 e5 2. Nf3 Nc6 3. Bc4 Nf6 4. d3 h6 5. O-O d6 6. c3 g6 7. d4 Qe7 8. Re1 Bg7
9. Nbd2 Nh7 10. Bb5 Bd7 11. Nb3 O-O 12. Bxc6 Bxc6 13. Na5 Qe8 14. dxe5 dxe5 15.
a4 Rd8 16. Qb3 b6 17. Nxc6 Qxc6 18. Qb5 Rd6 19. Be3 Rfd8 20. c4 Qd7 21. c5 Rd3
22. Qa6 Qc6 23. Bxh6 Qxc5 24. Rac1 Qb4 25. Bxg7 Kxg7 26. Nxe5 R3d6 27. Qxa7 Ng5
28. h4 Ne6 29. Qa6 Rh8 30. g3 Rh5 31. Nd3 Qd4 32. Re3 Ra5 33. Qb7 Rxa4 34. e5
Qd5 35. Qxd5 Rxd5 36. Rc6 Rad4 37. Nf4 Nxf4 38. gxf4 Rxf4 39. Rxc7 Kh6 40. Kg2
Rf5 41. Re7 Rd4 42. Kg3 Kh5 43. f3 Rxh4 44. Rb3 Rhf4 45. e6 fxe6 46. Rxe6 b5
47. Ree3 1/2-1/2

[Event "FIDE World Cup"]
[Site "Tbilisi"]
[Date "2017.09.14"]
[Round "4.3"]
[White "So, Wesley"]
[Black "Jobava, Baadur"]
[Result "1-0"]
[WhiteElo "2810"]
[BlackElo "2687"]
[PlyCount "131"]
[EventDate "2017.09.03"]
[EventType "k.o."]
[EventRounds "7"]
[EventCountry "GEO"]
[SourceTitle "CBM 181"]
[Source "ChessBase"]
[SourceDate "2017.11.10"]
[SourceVersion "1"]
[SourceVersionDate "2017.11.10"]
[SourceQuality "1"]

1. Nf3 Nf6 2. c4 b6 3. g3 Bb7 4. Bg2 e6 5. O-O Be7 6. Nc3 O-O 7. Re1 d5 8. cxd5
exd5 9. d4 Re8 10. Bf4 h6 11. Ne5 Nbd7 12. Qa4 Nf8 13. Nc6 Qd7 14. Nxe7+ Rxe7
15. Qxd7 Rxd7 16. Bh3 Re7 17. Nb5 Ng6 18. Be3 Ne4 19. a4 a6 20. Nc3 Nxc3 21.
bxc3 Rae8 22. Bg2 c6 23. Ra2 f6 24. Bc1 Nh8 25. Ba3 Rc7 26. Rb2 b5 27. e4 Nf7
28. Re3 bxa4 29. exd5 Rxe3 30. fxe3 cxd5 31. c4 Rd7 32. Bh3 Rc7 33. Bg2 Rd7 34.
Rb6 Nd8 35. cxd5 f5 36. g4 Bxd5 37. gxf5 Bc4 38. Bf1 Bxf1 39. Kxf1 a5 40. Rb5
Nc6 41. Kf2 Ra7 42. Ke2 Kf7 43. Kd2 Nb4 44. e4 Rc7 45. Rxa5 Rc2+ 46. Kd1 Rc4
47. Ra7+ Kg8 48. Rxa4 Rxd4+ 49. Ke2 Rxe4+ 50. Kf3 Re5 51. Rxb4 Rxf5+ 52. Rf4
Ra5 53. Bb4 Rb5 54. Bc3 Rb7 55. Rc4 Rf7+ 56. Ke4 Kh7 57. Be5 Rf1 58. Rc7 Rg1
59. Kf5 Rg5+ 60. Ke6 Kg8 61. Rc3 Rg6+ 62. Kf5 Rg5+ 63. Kf4 Rg1 64. Kf5 Rf1+ 65.
Kg6 Rg1+ 66. Bg3 1-0

[Event "FIDE World Cup"]
[Site "Tbilisi"]
[Date "2017.09.14"]
[Round "4.4"]
[White "Jobava, Baadur"]
[Black "So, Wesley"]
[Result "1/2-1/2"]
[WhiteElo "2687"]
[BlackElo "2810"]
[PlyCount "81"]
[EventDate "2017.09.03"]
[EventType "k.o."]
[EventRounds "7"]
[EventCountry "GEO"]
[SourceTitle "CBM 181"]
[Source "ChessBase"]
[SourceDate "2017.11.10"]
[SourceVersion "1"]
[SourceVersionDate "2017.11.10"]
[SourceQuality "1"]

1. e4 e5 2. Nf3 Nf6 3. Nxe5 d6 4. Nf3 Nxe4 5. Nc3 Nxc3 6. dxc3 Be7 7. Be3 O-O
8. Qd2 Nd7 9. O-O-O c6 10. Bd3 Qa5 11. a3 Ne5 12. h4 Nxd3+ 13. Qxd3 Bf5 14. Qd4
Rfe8 15. g4 Bf6 16. Qf4 Be4 17. Rxd6 Qa4 18. Rd3 b5 19. g5 Bxd3 20. Qxa4 bxa4
21. cxd3 Bd8 22. Nd2 Bb6 23. Ne4 Re5 24. Rg1 Bxe3+ 25. fxe3 Rf5 26. Rg4 Rf3 27.
Nc5 Rxe3 28. Rxa4 Re2 29. Ra6 f5 30. gxf6 gxf6 31. Rxc6 f5 32. Nd7 Rd8 33. Nf6+
Kf7 34. Nxh7 Rxd3 35. Ng5+ Ke7 36. Ra6 f4 37. Rxa7+ Ke8 38. Ra8+ Ke7 39. Ra7+
Ke8 40. Ra8+ Ke7 41. Ra7+ 1/2-1/2

[Event "FIDE World Cup"]
[Site "Tbilisi"]
[Date "2017.09.14"]
[Round "4.4"]
[White "Rapport, Richard"]
[Black "Najer, Evgeniy"]
[Result "1-0"]
[WhiteElo "2675"]
[BlackElo "2707"]
[Annotator "Marin,M"]
[PlyCount "99"]
[EventDate "2017.09.03"]
[EventType "k.o."]
[EventRounds "7"]
[EventCountry "GEO"]
[SourceTitle "CBM 181"]
[Source "ChessBase"]
[SourceDate "2017.11.10"]
[SourceVersion "1"]
[SourceVersionDate "2017.11.10"]
[SourceQuality "1"]

1. Nf3 d5 2. c4 d4 3. b4 Bg4 $5 {An ambitious static approach. Black intends
exchanging on f3 followed by blocking the enemy queenside pawns with ...a7-a5.}
4. g3 (4. Qb3 {, aimed at avoiding double pawns, is likely to waste too much
time with the queen.} c6 (4... Bxf3 {is also sound.} 5. Qxf3 c6 6. g3 e5 7. Qb3
Nf6 8. Bg2 a5 9. b5 a4 10. Qb2 Bc5 11. O-O O-O 12. d3 Qc7 13. Na3 h6 14. Rb1
Qd6 15. Nc2 Nbd7 16. Bd2 Rfe8 $11 {Howell,D (2644)-Najer,E (2679) Doha 2016 
(0-1, 46)}) (4... Nf6 5. Bb2 c5 6. Ne5 {The start of a unfortunate adventure.}
Bf5 7. e3 Nc6 8. Nxc6 bxc6 9. exd4 cxd4 10. Bd3 Bxd3 11. Qxd3 e5 12. O-O Bxb4
13. f4 e4 14. Qxd4 O-O $17 {Pritchett,C (2326)-Howell,D (2702) Llandudno 2017 
(0-1, 40)}) 5. e3 Bxf3 6. gxf3 g6 7. Bb2 Bg7 8. Na3 Nh6 9. Nc2 e5 $13 10. f4 $6
{Demuth,A (2538)-Rodshtein,M (2699) Antalya 2017 (½-½, 44)} Qh4 $36 {[%cal
Gh6g4]}) ({I also faced this line in a recent blitz game. I remembered I felt
uncomfortable, but the position seems to have been quite OK all the way:} 4. d3
e6 (4... Bxf3 5. exf3 e5 6. a3 a5 {is more ambitious, preventing White from
gaining space with f3-f4.}) 5. a3 Bxf3 6. exf3 a5 7. b5 Nd7 8. Nd2 Nc5 9. Ne4
Nf6 10. Bg5 (10. Nxc5 Bxc5 11. f4 O-O 12. g3 c6 13. Qa4 Qb6 14. Rb1 $13) 10...
Be7 11. Bxf6 gxf6 12. g3 (12. Nxc5 Bxc5 13. g3 $11) 12... Nd7 13. f4 f5 14. Nd2
a4 15. Bg2 Nc5 16. Nf3 Bf6 17. O-O O-O 18. Ra2 Kh8 19. Re1 Rg8 {Marin,M (2539)
-Bartel,M (2641) Tallinn 2016 (0-1, 37) with approximate equality as both
sides are rock solid.}) 4... Bxf3 5. exf3 e5 {As mentioned above, this is the
most ambitious way of clearing the bishop's diagonal.} (5... e6 6. b5 $5 {
Typical for Rapport's originality. He immediately concedes the c5-square,
gaining space without weakening his position and losing time with 2-a3.} (6.
Qb3 {is also likely to waste time.} a5 7. b5 Nd7 8. Bg2 Nc5 9. Qc2 {Caruana,F 
(2807)-Anand,V (2783) Saint Louis (blitz) 2017 (½-½, 40)} d3 $5 10. Qd1 Qd4
11. Nc3 a4 $15) 6... Nf6 7. Bg2 a6 {The operation initiated by this move will
only clear space for White's pieces.} 8. f4 axb5 9. cxb5 c6 10. O-O Be7 11.
bxc6 Nxc6 12. a4 O-O 13. Na3 Nd7 14. d3 Ra6 15. Nc4 Qc7 16. Bd2 b6 17. f5 e5 (
17... exf5 18. Bf4 $16 {[%cal Ga1c1]}) 18. f4 $16 {0-1 (40) Rapport,R (2729)
-Caruana,F (2813) Germany 2017}) 6. Bg2 {It is interesting that now, with the
pawn on e5, he reacts differently.} (6. b5 Nf6 7. Bg2 Nbd7 8. O-O Bd6 9. f4
exf4 10. Re1+ Kf8 11. Bb2 fxg3 12. hxg3 h5 $36 {Christiansen,J (2462)-Navara,D
(2726) Antalya 2017 (0-1, 39)}) ({But the pawn sacrifice was not necessary, as
} 6. a3 a5 7. b5 Nd7 8. Bg2 {would transpose to the game.}) 6... Nd7 ({
Especially in rapid chess, Black probably was not keen on entering Rapport's
territory with such lines as} 6... Bxb4 7. Qa4+ Nc6 8. f4 Nge7 (8... Qd6 9. Na3
$44) 9. fxe5 $13) 7. a3 (7. b5 $5) 7... a5 (7... Ne7 $6 {Injac,T (2215)
-Ratkovic,M (2382) Paracin 2016 (0-1, 48) unnecessarily creates problems with
kingside development.} 8. O-O Ng6 (8... g6 9. f4 exf4 10. d3 fxg3 11. hxg3 c6
12. Re1 Bg7 13. Qe2 {and the king is stuck in the centre.}) 9. h4 h5 10. d3 $14
{[%csl Gg6,Gh5]}) 8. b5 Bd6 9. f4 $1 {It is best playing this pawn break
before castling in order to avoid the familiar plan based on a later ...
h7-h5-h4.} exf4 10. Bxb7 Rb8 11. Bg2 Ngf6 12. d3 $1 ({The same idea:} 12. O-O
$6 fxg3 13. hxg3 h5 14. Re1+ Kf8 $36) 12... Qe7+ 13. Kf1 Nc5 (13... fxg3 14.
hxg3 {would just clear the h-file for the white rook, leaving Black with the
question whether castling is really safe.}) 14. Bc6+ {White plays on the light
squares and Black plays on the dark squares. But the white bishop is clearly
the strongest minor piece on the board, even stronger than the c5-knight,
which does not restrict White's coordination that much.} Kf8 (14... Nfd7 15.
Bxf4 Bxf4 16. gxf4 O-O 17. Rg1 f5 18. Qf3 Rbe8 19. Nd2 $16 {with little or no
compensation for the pawn.}) 15. Ra2 Nfd7 ({Once again} 15... fxg3 16. hxg3 h5
{is dubious:} 17. Re2 Ne6 18. Bg5 Qd8 19. Rxe6 $5 fxe6 20. Nd2 Be7 21. Qe2 $16
{Black's poorly defended army faces problems defending the light squares and
the king.}) 16. gxf4 $6 {A curious decision.} (16. Bxf4 Bxf4 17. gxf4 $16 {
would have won the pawn without complications.}) 16... Qf6 17. Nd2 Qxf4 $2 (
17... Bxf4 $1 18. Ne4 Nxe4 19. Bxf4 Qxf4 20. Bxe4 Nc5 $11) 18. Ne4 (18. Nf3 {
may be even better} Qg4 19. h3 Qg6 20. Nxd4 $16) 18... Qf5 19. h4 $5 h5 ({
Time has not come yet to fight against the bishop with} 19... Ne5 20. Nxc5 Nxc6
(20... Bxc5 21. Be4 $14) 21. Na6 Ra8 (21... Rb6 22. c5 Bxc5 23. Nxc5 Qxc5 24.
bxc6 Qd5 {Seems to be winning but it loses.} 25. Rg1 $1 Qxa2 26. Qg4 $18 {
[%csl Gc8,Gg7]}) 22. Nxc7 Bxc7 23. bxc6 $16) 20. Bg5 (20. Re2 $5 $14) 20... Ne5
21. Nxc5 Bxc5 ({But now was a good moment for} 21... Nxc6 $1 22. Na6 Rb6 $1 23.
c5 $6 Bxc5 24. Nxc5 Qxc5 25. bxc6 $2 Qd5 $1 $19 {[%csl Gg4] Unfortunately, the
g4-square is not available anymore. Well, too deep nuances for rapid chess I
guess.}) 22. Be4 Qe6 23. Bd5 Qf5 24. Be4 Qe6 25. f3 (25. Re2 $16 Bxa3 26. Qa1 {
[%csl Ga5,Gd4]}) 25... Rxb5 26. Bd5 Qd6 27. Bxf7 Rb7 28. Bd5 c6 29. Be4 $14 {
It is hard to say whether Rapport had blundered ...Rxb5 but his position
remains healthier.} Bxa3 30. Qa4 Bb4 31. f4 Rf7 32. Kg2 Ng4 33. Qxc6 Qxc6 34.
Bxc6 Ne3+ 35. Kf3 g6 36. Be4 Kg7 37. c5 $1 {The start of the final attack.} Ng4
(37... Bxc5 38. Rxa5 $16 {[%csl Gg6][%cal Ga5a6]}) 38. c6 Rc8 39. Rc1 Bc3 40.
Bd5 Ne5+ (40... Rfc7 41. Re2 $16) 41. Ke2 Nxc6 42. Bxf7 Kxf7 43. Rb1 Re8+ 44.
Kf1 Re3 45. Rb6 Nb4 46. Re2 Nxd3 $6 47. f5 $1 {A small trick winning quickly.}
Rxe2 48. fxg6+ Kg7 49. Kxe2 Nc1+ 50. Bxc1 1-0

[Event "FIDE World Cup"]
[Site "Tbilisi"]
[Date "2017.09.14"]
[Round "4.4"]
[White "Svidler, Peter"]
[Black "Bu, Xiangzhi"]
[Result "1-0"]
[WhiteElo "2751"]
[BlackElo "2710"]
[PlyCount "71"]
[EventDate "2017.09.03"]
[EventType "k.o."]
[EventRounds "7"]
[EventCountry "GEO"]
[SourceTitle "CBM 181"]
[Source "ChessBase"]
[SourceDate "2017.11.10"]
[SourceVersion "1"]
[SourceVersionDate "2017.11.10"]
[SourceQuality "1"]

1. Nf3 f5 2. d3 d6 3. e4 e5 4. Nc3 Be7 5. d4 fxe4 6. Nxe4 d5 7. Neg5 exd4 8.
Bd3 Qd6 9. Nxd4 c5 10. Nb5 Qe5+ 11. Be3 Na6 12. O-O Nf6 13. Re1 Bg4 14. Qd2 Ne4
15. Nxe4 dxe4 16. Bf4 Qf6 17. Rxe4 O-O 18. Rae1 Rad8 19. Rxe7 Qxf4 20. Qxf4
Rxf4 21. Rxb7 Nb4 22. f3 Nxd3 23. cxd3 Bf5 24. Ree7 Bxd3 25. Rxg7+ Kh8 26. Rgc7
Bg6 27. h3 Rb4 28. Nxa7 Rxb7 29. Rxb7 Rd1+ 30. Kh2 Bd3 31. Rd7 c4 32. Nc6 Rb1
33. Ne5 Bf1 34. Rd2 Ra1 35. a3 Ra2 36. Rf2 1-0

[Event "FIDE World Cup"]
[Site "Tbilisi"]
[Date "2017.09.15"]
[Round "5.1"]
[White "Aronian, Levon"]
[Black "Ivanchuk, Vassily"]
[Result "1-0"]
[WhiteElo "2799"]
[BlackElo "2728"]
[Annotator "Sagar Shah"]
[PlyCount "47"]
[EventDate "2017.09.03"]
[EventType "k.o."]
[EventRounds "7"]
[EventCountry "GEO"]
[SourceTitle "CBM 181"]
[Source "ChessBase"]
[SourceDate "2017.11.10"]
[SourceVersion "1"]
[SourceVersionDate "2017.11.10"]
[SourceQuality "1"]

1. c4 {[%emt 0:00:00]} e6 {[%emt 0:00:05]} 2. g3 {[%emt 0:00:00]} d5 {[%emt 0:
03:23]} 3. Bg2 {[%emt 0:00:13]} dxc4 {[%emt 0:01:44]} 4. Qa4+ {[%emt 0:00:07]}
(4. Nf3 Nf6 5. Qa4+ {The inclusion of knights on f3 and f6 leads to similar
kinds of position but with some differences. One can say that like in the game
Levon would not have been able to get in d4-d5!}) 4... c6 {[%emt 0:00:58]} 5.
Qxc4 {[%emt 0:00:10]} b5 {[%emt 0:03:55] Overall I consider this c6/b5 setup
to be the most active way for Black to play in this position.} 6. Qc2 {[%emt 0:
00:08]} Bb7 {[%emt 0:00:05]} 7. Nf3 {[%emt 0:02:01]} Nd7 {[%emt 0:07:26]} (7...
Nf6 {leads to a common position. But Vassily wanted to make use of the time he
has saved on developing his g8 knight by getting his queenside pieces out and
working.}) 8. Nc3 {[%emt 0:06:33]} Rc8 {[%emt 0:14:08]} 9. O-O {[%emt 0:03:10]}
a6 {[%emt 0:01:37]} 10. d4 {[%emt 0:03:50] Black has made all the moves in
order to play the move c5 and here it would not make sense if you didn't make
that move. As Levon said after the game, that it is difficult to sometimes
admit what you did was not correct and change the plan.} c5 {[%emt 0:42:39]
Vassily made this move after 42 minutes.} (10... Ngf6 11. Ne5 $16 {is already
horror for Black.}) 11. d5 $1 {[%emt 0:00:15] Levon was instantly ready with
his reply. It just took him 15 seconds to make this move. After the game when
he was asked what he thought about the objective quality of the move, he said,
I think it is extremely strong and after this White has a clearly better
position.} exd5 {[%emt 0:00:03]} 12. Nh4 $1 {[%emt 0:03:13] Of course, the
logical folllow up.} Ndf6 $2 {[%emt 0:08:18] After this Black is huge trouble.
Look at his kingside pieces. When are they going to develop?} ({Levon
considered Black's best chance to be} 12... Ngf6 13. Rd1 Be7 (13... Nb6 14. a4
$1 (14. Nxd5 Nbxd5 15. e4 $14) 14... b4 15. a5 bxc3 16. axb6 $16) 14. Nxd5 (14.
Nf5 $1 {is a move that must be considered for sure.} O-O 15. Bxd5 $1 Nxd5 16.
Nxd5 Bxd5 17. Rxd5 $16) 14... Bxd5 $1 (14... Nxd5 15. Nf5 $1 {This is the
strongest move.} (15. Bxd5 Bxd5 16. Rxd5 Bxh4 $14 {is something that White
would have to go into if the move order by Black is correct. i.e ...Bxd5 first
instead of ...Nxd5.}) 15... g6 16. Bxd5 Bxd5 17. Ng7+ Kf8 18. Bh6 Kg8 19. Rxd5
$16) 15. Bxd5 Nxd5 16. Rxd5 Bxh4 17. gxh4 Qxh4 18. Qf5 $36) 13. Rd1 {[%emt 0:
04:31]} g6 $2 {[%emt 0:00:08] Another huge mistake. It was important to at
least complete the development somehow.} (13... Qb6 14. Nxd5 Bxd5 15. Bxd5 Nxd5
16. Rxd5 Ne7 17. Rd3 $16 {White is better, but Black can fight on.}) 14. Nxd5
$1 {[%emt 0:02:21]} Nxd5 {[%emt 0:00:04]} 15. e4 {[%emt 0:00:50]} Bg7 {[%emt 0:
00:18]} 16. exd5 {[%emt 0:00:42]} Nf6 {[%emt 0:00:03]} 17. Qe2+ {[%emt 0:01:32]
} (17. Re1+ {was also possible, but Levon didn't want the rook to leave the
support of the d5-pawn.} Kf8 18. Be3 c4 19. Rad1 $16) 17... Kf8 {[%emt 0:00:01]
} (17... Qe7 18. Qxe7+ Kxe7 19. d6+ $18) 18. a4 $1 {[%emt 0:01:06] Creating a
nice little square for the knight to sit on - c4.} b4 {[%emt 0:00:28]} 19. Be3
{[%emt 0:01:09]} Qd6 {[%emt 0:01:33]} 20. Rac1 {[%emt 0:03:37]} Nd7 {[%emt 0:
00:42]} 21. Nf3 $1 {[%emt 0:00:36] The c4-square is soft and comfortable, so
what are you waiting for? Ah wait, there's also the e4-square!} h6 {[%emt 0:02:
08]} 22. Nd2 {[%emt 0:01:40]} Kg8 {[%emt 0:00:09]} 23. Ne4 {[%emt 0:04:08]} Qf8
{[%emt 0:00:46]} 24. d6 $18 {[%emt 0:00:57] Ivanchuk had enough of this
horrible position and he resigned. One of the main problems is the c5-pawn for
which you have to give up your b7-bishop with ...Bxe4 but after taking the
bishop back, there is nothing positive about Black's entire position.} 1-0